000
00211nam a22000977a 4500
999
_c
522089
_d
522089
082
_a
TNC
100
_a
Kapp, Yvonne
_9
36755
245
_a
Eleanor Marx
260
_a
New York
_b
Pantheon Books
_c
1972
300
_a
319p.